ՀՀ Գիտությունների ազգային ակադեմիայի հիմնարար գիտական գրադարան  =   Fundamental Scientific Library of NAS RA

Луи Пастер : (Record no. 536543)

MARC details
000 -LEADER
fixed length control field 01001nam a2200205 a 4500
001 - CONTROL NUMBER
control field 000358209
003 - CONTROL NUMBER IDENTIFIER
control field AM-YEHGA
005 - DATE AND TIME OF LATEST TRANSACTION
control field 20260109135627.0
008 - FIXED-LENGTH DATA ELEMENTS--GENERAL INFORMATION
fixed length control field 040902s1945 ru |||||||||||||||0|rus|d
040 ## - CATALOGING SOURCE
Original cataloging agency AM-YEHGA
041 0# - LANGUAGE CODE
Language code of text/sound track or separate title rus
245 00 - TITLE STATEMENT
Title Луи Пастер :
Remainder of title (к 50 летию со дня смерти) /
Statement of responsibility, etc. Всесоюз. лекц. бюро при комитете по делам высшей школы при СНК СССР.
260 ## - PUBLICATION, DISTRIBUTION, ETC.
Place of publication, distribution, etc. Москва :
Name of publisher, distributor, etc. Б. и.,
Date of publication, distribution, etc. 1945.
300 ## - PHYSICAL DESCRIPTION
Extent 24 с.
600 14 - SUBJECT ADDED ENTRY--PERSONAL NAME
Personal name Пастер, Луи
650 14 - SUBJECT ADDED ENTRY--TOPICAL TERM
Topical term or geographic name entry element Микробиология
710 2# - ADDED ENTRY--CORPORATE NAME
Corporate name or jurisdiction name as entry element Всесоюзное лекционное бюро при комитете по делам высшей школы при СНК СССР
711 2# - ADDED ENTRY--MEETING NAME
Meeting name or jurisdiction name as entry element Стенограмма публичной лекции доктора биологических наук А.А. Имшенецкого
Date of meeting or treaty signing 21 сентября 1945 года
Location of meeting Москва (в Лекционном зале)
942 ## - ADDED ENTRY ELEMENTS (KOHA)
Source of classification or shelving scheme Universal Decimal Classification
Koha item type Գրքեր / Books
Holdings
Withdrawn status Lost status Damaged status Not for loan Collection Home library Current library Date acquired Total checkouts Full call number Barcode Date last seen Price effective from Koha item type Public note
        Kusikian Individual Collection Fundamental Scientific Library Fundamental Scientific Library 01/09/2025   Кус/3669 FL0694614 01/09/2025 08/10/2025 Գրքեր / Books ILL Non-Circ.


ՀՀ ԳԱԱ հիմնարար գիտական գրադարան
ՀՀ,Երևան 0019
Մարշալ Բաղրամյան 24/6
հեռախոս:(374-10) 52-47-50
Հետադարձ կապ

All site content, except where otherwise noted, is licensed under a
Creative Commons License